000 00410nam a22001697a 4500
003 MPLRDC
005 20220104123816.0
008 210129b ||||| |||| 00| 0 eng d
020 _a962-257-503-X
082 _a856.9 YMS
100 _a殷靡诗
245 _a律师手记
_c
260 _a
_b天地图书有限公司
_c1991
300 _b
650 _a函牍及杂著--杂项
942 _cBK
_o856.9 YMS
999 _c14362
_d14352